|
|
|
|
| LEADER |
00000nam a22000007a 4500 |
| 008 |
190215b2012 cr a|||| |||| 00| 0 spa d |
| 999 |
|
|
|c 3649
|d 3649
|
| 090 |
|
|
|a Tesis # 46
|
| 100 |
|
|
|9 4467
|a Bermúdez Aguilar, Indira
|
| 245 |
1 |
3 |
|a La conceptualización para la creación del portal de servicios en el Instituto de Investigación en Educación de la Universidad de Costa Rica: una propuesta /
|c Indira Bermúdez Aguilar, Marlin Tayira Hernández Guzmán
|
| 260 |
|
|
|a [San José], Costa Rica :
|c 2012
|
| 300 |
|
|
|a x, 149 hojas, 15 hojas sin numerar;
|b ilustraciones
|
| 502 |
|
|
|a Tesis (maestría profesional en bibliotecología y estudios de la información, con énfasis en gerencia de la información)--Universidad de Costa Rica. Sistema de Estudios de Posgrado, 2012
|
| 610 |
2 |
4 |
|9 153
|a INSTITUTO DE INVESTIGACIÓN EN EDUCACIÓN
|
| 650 |
1 |
4 |
|9 4468
|a SITIOS WEB
|
| 650 |
1 |
4 |
|9 287
|a EVALUACIÓN
|
| 650 |
1 |
4 |
|9 4469
|a DISEÑO
|
| 700 |
|
|
|9 4470
|a Hernández Guzmán, Marlin Tayira
|
| 942 |
|
|
|i 003710
|h Tesis # 46
|2 z
|c 02
|